Liste des joueurs français au Barça - Statistiques

Statistiques générales
  • Ce quiz a été pris 324 fois
  • Le résultat moyen est 9 sur 19
Statistiques - réponses
Hint Réponse % Correct
2022 - Aujourd'hui Koundé
96%
2017 - 2023 Dembélé
84%
2007 - 2010 Henry
84%
2019 - 2021 Griezmann
82%
2016 - 2022 Umtiti
82%
2018 - 2024 Lenglet
72%
2014 - 2017 Mathieu
67%
2007 - 2013 Abidal
66%
2016 - 2018 Digne
55%
2004 - 2007 Giuly
43%
2006 - 2008 Thuram
42%
2000 - 2001 Petit
39%
1996 - 1997 Blanc
36%
1997 - 1997 Dugarry
34%
2019 - 2020 Todibo
32%
2001 - 2003 Christanval
12%
1999 - 2000 Déhu
8%
2000 - 2002 Dutruel
8%
1965 - 1968 Muller
4%
Aucun quiz correspondant
Distribution des résultats
% des personnes avec chaque résultat
Percentile par nombre de réponses
Votre historique - résultats
Vous n’avez pas pris ce quiz